00788nam a22001817a 4500003000900000008004100009040007100050082002500121100003200146245007100178260003100249300002800280505022400308650001600532650001800548650002900566650001100595AR-CdUCM190402b ||||| |||| 00| 0 spa d aMUNICIPALIDAD PROVINCIAL DEL CUSCOcBIBLIOTECA MUNICIPAL DEL CUSCO a374.56 /bR46 / 1949 aRevollar Fernández, Julio aLegislación y administración escolar del Perú y comparadas / aLima :bD. Miranda,c1949. a222 páginas ;c17 cm. aContenido: El estado, la ley y la administración -- La educación y la constitución política del estado -- La educación y la ley orgánica 9359 -- La educación secundaria común en el Perú y comparada ... aEducación aLegislación aAdministración escolar aPerú